| 000 | 00597nam a2200193 i 4500 | ||
|---|---|---|---|
| 001 | 95559 | ||
| 003 | ES-MaACL | ||
| 005 | 20250720204512.0 | ||
| 007 | t| | ||
| 008 | 050531s1961 sp ||||1| cat d | ||
| 100 | 1 |
_aLlobet, Salvador. _972803 |
|
| 245 | 1 | 0 |
_aMontseny _b: La Calma, Matagalls, Les Agudes... / _cpor S. Llobet, A. Bescós y X. Coll. |
| 260 |
_aGranollers : _bAlpina, _c1961. |
||
| 300 |
_a24 p., 1 map. col. pleg. ; _c16 cm. |
||
| 700 | 0 |
_aBescós, A. _928571 |
|
| 700 | 1 |
_aColl, Xavier, _d1901-1981 _939622 |
|
| 852 |
_aES-MaACL _j2010-F-20 _bR.49305 |
||
| 999 |
_c95559 _d95559 |
||